Capitales d'Afrique - Quiz - Statistiques

Statistiques générales
  • Ce quiz a été pris 36 fois
  • Le résultat moyen est 46 sur 54
Statistiques - réponses
Capitales Pays % Correct
Alger Algérie
100%
Bamako Mali
100%
Le Caire Égypte
97%
Conakry Guinée
97%
Antananarivo Madagascar
97%
Bloemfontein / Le Cap / Pretoria Afrique du Sud
94%
Yaoundé Cameroun
94%
Accra Ghana
94%
Nairobi Kenya
94%
Niamey Niger
94%
Kinshasa République Démocratique du Congo
94%
Brazzaville République du Congo
94%
Yamoussoukro Côte d'Ivoire
91%
Rabat Maroc
91%
Dakar Sénégal
91%
Mogadiscio Somalie
91%
Tunis Tunisie
91%
Djibouti Djibouti
88%
Libreville Gabon
88%
Bissau Guinée-Bissau
88%
Abuja Nigeria
88%
Kampala Ouganda
88%
Khartoum Soudan
88%
Lomé Togo
88%
Lusaka Zambie
88%
Praia Cap-Vert
85%
Addis-Abeba Éthiopie
85%
Tripoli Libye
85%
Ndjamena Tchad
85%
Harare Zimbabwe
85%
Luanda Angola
82%
Porto-Novo Bénin
82%
Ouagadougou Burkina Faso
82%
Lilongwe Malawi
82%
Nouakchott Mauritanie
82%
Sao Tomé Sao Tomé-et-Principe
82%
Victoria Seychelles
82%
Asmara Érythrée
79%
Banjul Gambie
79%
Malabo Guinée Équatoriale
79%
Monrovia Liberia
79%
Windhoek Namibie
79%
Kigali Rwanda
79%
Moroni Comores
76%
Mbabane Eswatini
76%
Maputo Mozambique
76%
Bangui République Centrafricaine
76%
Dodoma Tanzanie
76%
Gaborone Botswana
73%
Port-Louis Maurice
73%
Freetown Sierra Leone
73%
Djouba Soudan du Sud
73%
Maseru Lesotho
70%
Gitega Burundi
67%
Aucun quiz correspondant
Distribution des résultats
% des personnes avec chaque résultat
Percentile par nombre de réponses
Votre historique - résultats
Vous n’avez pas pris ce quiz